[Event "XX Festival A"]
[Site "Robecchetto con Induno ITA"]
[Date "2009.12.30"]
[Round "6"]
[White "Trotto, Pierangelo"]
[Black "Ranfagni, Stefano"]
[Result "0-1"]
[WhiteElo "1893"]
[BlackElo "2014"]
[PlyCount "50"]
[EventDate "2009.12.27"]

1. e4 e5 2. Nf3 Nf6 3. Nxe5 d6 4. Nf3 Nxe4 5. d4 d5 6. Bd3 Bd6 7. O-O O-O 8.
Re1 Re8 9. c4 c6 10. Nc3 Nxc3 11. bxc3 Bg4 12. Rxe8+ Qxe8 13. Bd2 h6 14. h3 Bh5
15. cxd5 cxd5 16. Rb1 Nd7 17. g4 Bg6 18. Bxg6 fxg6 19. Qc1 Nb6 20. Ne5 Rc8 21.
Kg2 g5 22. f4 gxf4 23. Bxf4 Qa4 24. Qd2 Bxe5 25. dxe5 Qe4+ 0-1

[Event "XX Festival A"]
[Site "Robecchetto con Induno ITA"]
[Date "2009.12.30"]
[Round "6"]
[White "Virzi, Ettore"]
[Black "Cardani, Roberto"]
[Result "1/2-1/2"]
[WhiteElo "1974"]
[BlackElo "1960"]
[PlyCount "23"]
[EventDate "2009.12.27"]

1. d4 Nf6 2. Nf3 g6 3. Bf4 Bg7 4. e3 O-O 5. h3 d6 6. Be2 Nbd7 7. Nbd2 Qe8 8.
O-O e5 9. dxe5 dxe5 10. Bh2 Qe7 11. c3 Ne8 12. e4 1/2-1/2

[Event "LII Torneo di Capodanno"]
[Site "Reggio nell'Emilia ITA"]
[Date "2010.01.03"]
[Round "6"]
[White "Jobava, Baadur"]
[Black "Godena, Michele"]
[Result "1/2-1/2"]
[WhiteElo "2696"]
[BlackElo "2537"]
[PlyCount "41"]
[EventDate "2009.12.28"]

1. d4 d5 2. c4 dxc4 3. Nf3 a6 4. a4 Nf6 5. e3 Bg4 6. Bxc4 e6 7. Nc3 Nc6 8. O-O
Bd6 9. h3 Bh5 10. Re1 O-O 11. g4 Bg6 12. Nh4 Nd7 13. Nxg6 hxg6 14. Bf1 Nb4 15.
a5 c5 16. Bg2 Qc7 17. d5 c4 18. dxe6 fxe6 19. Ne4 Bh2+ 20. Kh1 Nd3 21. f4
1/2-1/2

[Event "LII Torneo di Capodanno"]
[Site "Reggio nell'Emilia ITA"]
[Date "2010.01.03"]
[Round "6"]
[White "Landa, Konstantin"]
[Black "Vocaturo, Daniele"]
[Result "1-0"]
[WhiteElo "2664"]
[BlackElo "2500"]
[PlyCount "129"]
[EventDate "2009.12.28"]

1. e4 c5 2. Nf3 d6 3. d4 cxd4 4. Nxd4 Nf6 5. Nc3 g6 6. Be3 Bg7 7. f3 O-O 8. Qd2
Nc6 9. O-O-O d5 10. Kb1 Nxd4 11. e5 Nf5 12. exf6 exf6 13. Bc5 d4 14. Bxf8 Qxf8
15. Nb5 Ne3 16. Re1 f5 17. f4 Qc5 18. c3 Nxf1 19. Re8+ Bf8 20. Qxd4 Qxb5 21.
Qd8 Nd2+ 22. Kc2 Qxe8 23. Qxe8 Ne4 24. Rd1 Nf6 25. Qd8 Nh5 26. g3 Ng7 27. Rd7
Ne6 28. Qe8 Bxd7 29. Qxa8 Bc6 30. Qxa7 Bc5 31. Qb8+ Kg7 32. Qe5+ Kg8 33. Qb8+
Nf8 34. Qd8 Bg1 35. Qd1 Bb6 36. Qd6 h5 37. b4 Ne6 38. Qb8+ Kh7 39. Qd6 Kg8 40.
Qb8+ Kh7 41. Qd6 Bg1 42. Qd2 Nc7 43. Qe1 Be4+ 44. Kb3 Ba7 45. a4 Nd5 46. c4 Nf6
47. c5 h4 48. Qc3 Ng4 49. h3 Nf2 50. Qf6 Bd5+ 51. Ka3 hxg3 52. Qh4+ Kg7 53.
Qxg3 Ne4 54. Qd3 Bc6 55. Qd8 g5 56. fxg5 f4 57. h4 f3 58. h5 f2 59. h6+ Kg6 60.
Qg8+ Kf5 61. Qxf7+ Kg4 62. g6 Bd5 63. Qxf2 Nxf2 64. h7 Bb8 65. g7 1-0

[Event "LII Torneo di Capodanno"]
[Site "Reggio nell'Emilia ITA"]
[Date "2010.01.03"]
[Round "6"]
[White "Safarli, Eltaj"]
[Black "Caruana, Fabiano"]
[Result "0-1"]
[WhiteElo "2594"]
[BlackElo "2652"]
[PlyCount "68"]
[EventDate "2009.12.28"]

1. Nf3 c5 2. e4 e6 3. Nc3 a6 4. g3 b5 5. Bg2 Bb7 6. d3 d6 7. O-O Nf6 8. Re1
Nbd7 9. Bf4 Be7 10. a4 b4 11. Nb1 O-O 12. Nbd2 d5 13. exd5 Nxd5 14. Ne5 Ra7 15.
Nxd7 Qxd7 16. Be3 Nxe3 17. fxe3 Bxg2 18. Kxg2 Bf6 19. Qb1 h5 20. Qa2 h4 21. Rf1
Qd5+ 22. Rf3 Rc7 23. Ne4 c4 24. Nxf6+ gxf6 25. gxh4 Kh7 26. Raf1 Rg8+ 27. Kh1
b3 28. Qb1 cxd3 29. cxd3 Rc2 30. e4 Qd6 31. R1f2 Qc5 32. d4 Qxd4 33. Qe1 Qxb2
34. Qa5 Rc1+ 0-1

[Event "LII Torneo di Capodanno"]
[Site "Reggio nell'Emilia ITA"]
[Date "2010.01.04"]
[Round "7"]
[White "Almasi, Zoltan"]
[Black "Safarli, Eltaj"]
[Result "1-0"]
[WhiteElo "2704"]
[BlackElo "2594"]
[PlyCount "121"]
[EventDate "2009.12.28"]

1. e4 e5 2. Nf3 Nc6 3. Bb5 a6 4. Ba4 b5 5. Bb3 Na5 6. O-O d6 7. d4 exd4 8. Nxd4
Bb7 9. c4 c5 10. Nf5 g6 11. Ng3 h5 12. Nc3 h4 13. Nge2 Nxc4 14. Bxc4 bxc4 15.
h3 Bc6 16. Nd5 Bg7 17. Nec3 Rb8 18. Re1 Kf8 19. Ne3 Bd4 20. Nxc4 Rb4 21. Qd3
Qf6 22. Be3 Bb5 23. Nxb5 axb5 24. Nb6 Qe6 25. Nd5 Rc4 26. b3 Bxa1 27. bxc4 bxc4
28. Qxc4 Bf6 29. Qd3 Bd8 30. Rd1 Nf6 31. Nxf6 Bxf6 32. Qxd6+ Qxd6 33. Rxd6 Kg7
34. Bxc5 Rb8 35. Rd1 Rb2 36. a3 g5 37. Kf1 Ra2 38. Rd5 Kg6 39. Bb4 Bb2 40. Rd3
f6 41. Ke1 Kf7 42. Kd1 Kg6 43. Bc5 Kf7 44. Rd7+ Kg6 45. Ra7 Bc3 46. Be3 Be5 47.
a4 Bc3 48. Bb6 Rb2 49. Be3 Ra2 50. Bc5 Rd2+ 51. Kc1 Ra2 52. Bb6 Be1 53. Kb1 Rd2
54. a5 Bxf2 55. Bxf2 Rxf2 56. a6 Rf1+ 57. Kb2 Rf2+ 58. Kb3 Rxg2 59. Ra8 Rg3+
60. Kb4 Re3 61. Re8 1-0

[Event "LII Torneo di Capodanno"]
[Site "Reggio nell'Emilia ITA"]
[Date "2010.01.04"]
[Round "7"]
[White "Caruana, Fabiano"]
[Black "Jobava, Baadur"]
[Result "1/2-1/2"]
[WhiteElo "2652"]
[BlackElo "2696"]
[PlyCount "77"]
[EventDate "2009.12.28"]

1. e4 c5 2. Nf3 d6 3. d4 cxd4 4. Nxd4 Nf6 5. Nc3 Nc6 6. Bg5 e6 7. Qd2 Be7 8.
O-O-O O-O 9. f4 Nxd4 10. Qxd4 Qa5 11. Bc4 Rd8 12. e5 dxe5 13. Qxe5 Qb4 14. Bb5
h6 15. Rxd8+ Bxd8 16. Rd1 Nd7 17. a3 Nxe5 18. axb4 Bxg5 19. fxg5 b6 20. Re1 f6
21. gxf6 gxf6 22. Ne4 Kf7 23. Nd6+ Ke7 24. Nxc8+ Rxc8 25. Re3 Kd6 26. Rh3 Rh8
27. Rg3 Rh7 28. Rg8 f5 29. g3 Ng4 30. h3 Nf6 31. Rg6 Ke5 32. g4 f4 33. Kd2 f3
34. Bd3 Ne4+ 35. Ke1 Rd7 36. Rxh6 Rd6 37. g5 Nxg5 38. Kf2 Rd4 39. Rh5 1/2-1/2

[Event "LII Torneo di Capodanno"]
[Site "Reggio nell'Emilia ITA"]
[Date "2010.01.04"]
[Round "7"]
[White "Godena, Michele"]
[Black "Brunello, Sabino"]
[Result "1/2-1/2"]
[WhiteElo "2537"]
[BlackElo "2507"]
[PlyCount "43"]
[EventDate "2009.12.28"]

1. e4 c6 2. d4 d5 3. Nd2 dxe4 4. Nxe4 Bf5 5. Ng3 Bg6 6. Nh3 Nf6 7. Nf4 e5 8.
Nxg6 hxg6 9. dxe5 Qa5+ 10. Bd2 Qxe5+ 11. Qe2 Nbd7 12. Qxe5+ Nxe5 13. Be2 Bc5
14. O-O O-O-O 15. Rad1 Rhe8 16. h3 Nd5 17. Ne4 Bf8 18. c3 Nd7 19. Bf3 Ne5 20.
Be2 Nd7 21. Bf3 Ne5 22. Be2 1/2-1/2

[Event "LII Torneo di Capodanno"]
[Site "Reggio nell'Emilia ITA"]
[Date "2010.01.05"]
[Round "8"]
[White "Brunello, Sabino"]
[Black "Caruana, Fabiano"]
[Result "1/2-1/2"]
[WhiteElo "2507"]
[BlackElo "2652"]
[PlyCount "98"]
[EventDate "2009.12.28"]

1. Nf3 Nf6 2. g3 g6 3. Bg2 Bg7 4. d4 O-O 5. c4 d6 6. O-O Nbd7 7. Nc3 e5 8. e3
Re8 9. b3 c6 10. Bb2 e4 11. Nd2 d5 12. b4 Nf8 13. b5 h5 14. Qa4 Bd7 15. Qb3 Be6
16. Rfc1 h4 17. Ba3 hxg3 18. hxg3 Ng4 19. bxc6 bxc6 20. Qb7 Qf6 21. Nd1 Rec8
22. Nb3 Nh7 23. cxd5 cxd5 24. Be7 Qf5 25. Rxc8+ Rxc8 26. Nc5 Bh6 27. Rc1 Nxf2
28. Nxf2 Bxe3 29. Rc2 Re8 30. Qb3 Bxd4 31. Qa4 Rxe7 32. Qxd4 Qf6 33. Nxe6 fxe6
34. Qd1 Rf7 35. Ng4 Qg5 36. Rc8+ Rf8 37. Rc7 Rf7 38. Rc8+ Rf8 39. Rxf8+ Kxf8
40. Bh3 Nf6 41. Kg2 Nxg4 42. Bxg4 Ke7 43. Qe2 Qe5 44. a4 a5 45. Qb5 Qc3 46. Kh3
Qc1 47. Kg2 Qd2+ 48. Kh3 Qc1 49. Kg2 Qd2+ 1/2-1/2

[Event "LII Torneo di Capodanno"]
[Site "Reggio nell'Emilia ITA"]
[Date "2010.01.05"]
[Round "8"]
[White "Landa, Konstantin"]
[Black "Godena, Michele"]
[Result "1/2-1/2"]
[WhiteElo "2664"]
[BlackElo "2537"]
[PlyCount "80"]
[EventDate "2009.12.28"]

1. d4 d5 2. Nf3 Nf6 3. c4 dxc4 4. Qa4+ Nc6 5. Nc3 Nd5 6. Qxc4 Nb6 7. Qb3 e5 8.
dxe5 Be6 9. Qc2 Nd4 10. Qe4 Bc5 11. Nxd4 Qxd4 12. e3 Qxe4 13. Nxe4 Bb4+ 14. Bd2
Bxd2+ 15. Nxd2 O-O-O 16. Be2 Rd5 17. f4 Rc5 18. Bd1 Rd8 19. Rf1 Nd5 20. Nb3 Rb5
21. Kf2 a5 22. Kf3 a4 23. Nd4 Rxb2 24. Nxe6 fxe6 25. Bxa4 b5 26. Bb3 c5 27.
Bxd5 Rxd5 28. Rfb1 Rxb1 29. Rxb1 c4 30. Ke4 Kd7 31. f5 c3 32. f6 gxf6 33. exf6
Ke8 34. a3 c2 35. Rc1 Rd2 36. g4 Kf7 37. g5 Rxh2 38. Kd3 Rg2 39. Rxc2 Rxg5 40.
Rc7+ Kxf6 1/2-1/2

[Event "LII Torneo di Capodanno"]
[Site "Reggio nell'Emilia ITA"]
[Date "2010.01.05"]
[Round "8"]
[White "Safarli, Eltaj"]
[Black "Jobava, Baadur"]
[Result "1/2-1/2"]
[WhiteElo "2594"]
[BlackElo "2696"]
[PlyCount "103"]
[EventDate "2009.12.28"]

1. e4 c5 2. Nf3 d6 3. d4 cxd4 4. Nxd4 Nf6 5. Nc3 Nc6 6. Bg5 e6 7. Qd2 Be7 8.
O-O-O O-O 9. f4 Nxd4 10. Qxd4 Qa5 11. Bc4 Rd8 12. e5 dxe5 13. Qxe5 Qb6 14. f5
Ng4 15. Rxd8+ Bxd8 16. Bxd8 Nxe5 17. Bxb6 axb6 18. Rd1 Kf8 19. Bb5 Ke7 20. Na4
Nc4 21. b3 Nd6 22. f6+ gxf6 23. Nxb6 Rb8 24. Ba4 f5 25. c4 Ne4 26. Nxc8+ Rxc8
27. Rd7+ Kf6 28. Rxb7 Rg8 29. g3 Ra8 30. Kb2 Nc5 31. Rb5 Nxa4+ 32. bxa4 Rxa4
33. Kb3 Ra7 34. a4 e5 35. a5 f4 36. gxf4 exf4 37. Kc3 f3 38. Kd3 Re7 39. Rb2
Kf5 40. a6 Kf4 41. Ra2 Re3+ 42. Kd4 Re2 43. Ra1 f2 44. a7 Re4+ 45. Kc3 Re8 46.
c5 Re1 47. a8=Q f1=Q 48. Ra4+ Kf5 49. Qd5+ Kf6 50. Qd6+ Kf5 51. Qd7+ Kf6 52.
Qd6+ 1/2-1/2

[Event "LII Torneo di Capodanno"]
[Site "Reggio nell'Emilia ITA"]
[Date "2010.01.06"]
[Round "9"]
[White "Caruana, Fabiano"]
[Black "Landa, Konstantin"]
[Result "1-0"]
[WhiteElo "2652"]
[BlackElo "2664"]
[PlyCount "49"]
[EventDate "2009.12.28"]

1. e4 e5 2. Nf3 Nf6 3. Nxe5 d6 4. Nf3 Nxe4 5. Nc3 Nxc3 6. dxc3 Be7 7. Be3 Nc6
8. Qd2 Be6 9. O-O-O Qd7 10. Kb1 Bf6 11. h4 h6 12. Nd4 Nxd4 13. Bxd4 Bxd4 14.
Qxd4 O-O 15. Rg1 Rae8 16. g4 Qc6 17. Bg2 Qa6 18. b3 Bd7 19. g5 h5 20. g6 Re7
21. Bd5 Be6 22. Rde1 c5 23. Qd1 Rfe8 24. Qxh5 fxg6 25. Rxe6 1-0

[Event "LII Torneo di Capodanno"]
[Site "Reggio nell'Emilia ITA"]
[Date "2010.01.06"]
[Round "9"]
[White "Jobava, Baadur"]
[Black "Brunello, Sabino"]
[Result "1/2-1/2"]
[WhiteElo "2696"]
[BlackElo "2507"]
[PlyCount "80"]
[EventDate "2009.12.28"]

1. c4 e6 2. Nc3 Nf6 3. e4 d5 4. e5 d4 5. exf6 dxc3 6. bxc3 Qxf6 7. Nf3 c5 8.
Bd3 Bd6 9. O-O g5 10. Bc2 g4 11. Ne1 h5 12. d4 Nc6 13. Be3 Bd7 14. Be4 Qg7 15.
Rb1 f5 16. Bxc6 Bxc6 17. d5 exd5 18. cxd5 Qe5 19. g3 Bxd5 20. Bg5 O-O 21. Ng2
f4 22. Nxf4 Rxf4 23. Bxf4 Qe4 24. f3 gxf3 25. Kf2 Bxf4 26. gxf4 Bxa2 27. Rb2
Qxf4 28. Rg1+ Kh8 29. Rg3 h4 30. Rh3 Qg5 31. Qxf3 Rg8 32. Rxa2 Qg1+ 33. Ke2
Re8+ 34. Kd3 Qb1+ 35. Rc2 c4+ 36. Kd4 Rd8+ 37. Kxc4 Rc8+ 38. Kd4 Rd8+ 39. Kc4
Rc8+ 40. Kd5 Rd8+ 1/2-1/2

[Event "LII Torneo di Capodanno"]
[Site "Reggio nell'Emilia ITA"]
[Date "2010.01.06"]
[Round "9"]
[White "Vocaturo, Daniele"]
[Black "Safarli, Eltaj"]
[Result "0-1"]
[WhiteElo "2500"]
[BlackElo "2594"]
[PlyCount "118"]
[EventDate "2009.12.28"]

1. e4 e5 2. Nf3 Nc6 3. Bc4 Bc5 4. c3 Nf6 5. d3 a6 6. O-O d6 7. Bb3 O-O 8. h3 h6
9. Re1 Be6 10. Nbd2 Re8 11. Nc4 Ba7 12. Be3 b5 13. Ncd2 Bxe3 14. Rxe3 d5 15.
Qf1 d4 16. cxd4 Nxd4 17. Nxd4 Qxd4 18. Qc1 Qb6 19. Bxe6 Rxe6 20. b4 a5 21. bxa5
Rxa5 22. Nb3 Ra4 23. Re2 Nh5 24. Kh2 Nf4 25. Rd2 Rg6 26. g3 Ne6 27. Rc2 Ng5 28.
Qf1 Nf3+ 29. Kg2 Nd4 30. Nxd4 Rxd4 31. Rac1 c6 32. Qe2 Rgd6 33. Qh5 Re6 34. Qe2
Qc7 35. Rc5 Qd7 36. Rd1 f6 37. Qg4 Qe8 38. Qe2 Red6 39. Qc2 Qh5 40. Rd2 Qe8 41.
Rd1 Kh7 42. h4 Qd7 43. h5 Qg4 44. f3 Qd7 45. Rc3 b4 46. Rb3 c5 47. Rf1 c4 48.
Rxb4 Rxd3 49. Qxc4 R6d4 50. Qb5 Rd2+ 51. Rf2 Rxf2+ 52. Kxf2 Rd2+ 53. Ke3 Qd6
54. f4 Rxa2 55. Rb1 Qd4+ 56. Kf3 Rf2+ 57. Kg4 Qxe4 58. Rg1 f5+ 59. Kh3 Qf3 0-1

[Event "XVI Festival A"]
[Site "Campobasso ITA"]
[Date "2009.07.24"]
[Round "1"]
[White "Arbore, Daniele"]
[Black "Rizza, Francesco"]
[Result "0-1"]
[WhiteElo "1398"]
[BlackElo "2030"]
[PlyCount "54"]
[EventDate "2009.07.24"]

1. e4 d6 2. d4 g6 3. c4 Bg7 4. Nc3 Nf6 5. f4 O-O 6. Nf3 c5 7. d5 e6 8. Be3 exd5
9. cxd5 Re8 10. Bd3 c4 11. Bxc4 Nxe4 12. Nxe4 Rxe4 13. Qd3 Qe7 14. Kf2 Bf5 15.
Qe2 Nd7 16. Bd3 Rb4 17. Rab1 Nf6 18. Bd2 Qxe2+ 19. Kxe2 Re8+ 20. Be3 Nxd5 21.
Bxf5 Rxe3+ 22. Kf2 Rxf4 23. Bc8 Bd4 24. Kg3 Re2 25. Rhf1 f5 26. Bxb7 Rg4+ 27.
Kh3 Nf4# 0-1

[Event "XVI Festival A"]
[Site "Campobasso ITA"]
[Date "2009.07.24"]
[Round "1"]
[White "Borino, Paolo"]
[Black "Gromovs, Sergejs"]
[Result "0-1"]
[WhiteElo "1996"]
[BlackElo "2339"]
[PlyCount "82"]
[EventDate "2009.07.24"]

1. f4 e5 2. e4 d5 3. exd5 e4 4. d3 Nf6 5. dxe4 Nxe4 6. Nf3 Bc5 7. Qe2 f5 8. Nc3
O-O 9. Nxe4 fxe4 10. Qxe4 Bf5 11. Qc4 Nd7 12. Bd2 Re8+ 13. Be2 Re4 14. Qb5 a6
15. Qxb7 Rb8 16. Qxa6 Rxb2 17. Kd1 Qb8 18. Bd3 Nf6 19. Ne5 Bc8 20. Qa5 Rb1+ 21.
Rxb1 Qxb1+ 22. Bc1 Be3 23. Bxe4 Nxe4 24. Ke2 Bxc1 25. Qxc7 Qb5+ 26. Kf3 Nd2+
27. Kg3 Ne4+ 28. Kh4 g5+ 29. Kh5 Qe8+ 30. Qf7+ Qxf7+ 31. Nxf7 Bxf4 32. Nxg5
Nxg5 33. g3 Bd2 34. c4 Ne4 35. Rf1 Kg7 36. g4 h6 37. Kh4 Bg5+ 38. Kh3 h5 39.
Re1 Bxg4+ 40. Kg2 Nc5 41. Rf1 Be2 0-1

[Event "XVI Festival A"]
[Site "Campobasso ITA"]
[Date "2009.07.24"]
[Round "1"]
[White "Cangiano, Federico"]
[Black "Lombardi, Mariano"]
[Result "0-1"]
[WhiteElo "1965"]
[BlackElo "2160"]
[PlyCount "64"]
[EventDate "2009.07.24"]

1. d4 Nf6 2. Nf3 e6 3. e3 b6 4. Bd3 Bb7 5. Nbd2 Be7 6. O-O c5 7. c3 O-O 8. Qe2
d5 9. Ne5 Nbd7 10. f4 Ne4 11. Rf3 f5 12. Rh3 Nxe5 13. Bxe4 fxe4 14. Qh5 Nd3 15.
Qxh7+ Kf7 16. Qh5+ g6 17. Qh7+ Ke8 18. Qxg6+ Kd7 19. Rh7 Rc8 20. Nb3 c4 21. Nd2
Rc7 22. b3 Kc8 23. Qxe6+ Kb8 24. Qg4 Rg8 25. Rg7 Rxg7 26. Qxg7 Nxc1 27. Rxc1
Ba3 28. Qe5 Bxc1 29. Nf1 cxb3 30. axb3 Ba6 31. Kf2 Bxf1 32. Kxf1 Bxe3 0-1

[Event "XVI Festival A"]
[Site "Campobasso ITA"]
[Date "2009.07.24"]
[Round "1"]
[White "Carnicelli, Valerio"]
[Black "Vanacore, Francesco"]
[Result "0-1"]
[WhiteElo "1747"]
[BlackElo "2055"]
[PlyCount "74"]
[EventDate "2009.07.24"]

1. e4 e6 2. d4 d5 3. Nc3 Nf6 4. Bg5 dxe4 5. Nxe4 Be7 6. Bxf6 Bxf6 7. Nf3 Nd7 8.
Qd2 b6 9. Bb5 Bb7 10. Qf4 O-O 11. Bxd7 Bxe4 12. Qxe4 Qxd7 13. O-O Rfd8 14. c3
Qb5 15. Qc2 c5 16. dxc5 Qxc5 17. Rad1 Rac8 18. Nd2 Qh5 19. Ne4 Be5 20. f4 Rxd1
21. Qxd1 Qxd1 22. Rxd1 Bxf4 23. Rd7 Bb8 24. Ng5 Rf8 25. Rb7 Bf4 26. Nf3 a5 27.
g3 Rb8 28. Ra7 Be3+ 29. Kf1 f6 30. Ke2 Bc5 31. Nd4 Bxd4 32. cxd4 Rd8 33. Ke3
Rd6 34. Ra8+ Kf7 35. Ra7+ Kg6 36. g4 Rc6 37. Kd2 e5 0-1

[Event "XVI Festival A"]
[Site "Campobasso ITA"]
[Date "2009.07.24"]
[Round "1"]
[White "Chiaretti, Roberto"]
[Black "Bottega, Antonio"]
[Result "1-0"]
[WhiteElo "2195"]
[BlackElo "1982"]
[PlyCount "39"]
[EventDate "2009.07.24"]

1. e4 e6 2. d4 d5 3. Nc3 Nf6 4. Bg5 Be7 5. e5 Nfd7 6. Bxe7 Qxe7 7. f4 g5 8. Qd2
Rg8 9. O-O-O gxf4 10. Nh3 Rg4 11. Nxf4 Qh4 12. g3 Rxg3 13. Nfxd5 exd5 14. Nxd5
Qe4 15. Nxc7+ Kd8 16. Nxa8 Rg7 17. Bc4 b6 18. Rhe1 Qxa8 19. d5 f6 20. Qh6 1-0

[Event "XVI Festival A"]
[Site "Campobasso ITA"]
[Date "2009.07.24"]
[Round "1"]
[White "Cocchia, Umberto"]
[Black "Trebeschi, Andrea"]
[Result "0-1"]
[WhiteElo "1653"]
[BlackElo "2047"]
[PlyCount "46"]
[EventDate "2009.07.24"]

1. e4 d6 2. d4 Nf6 3. Nc3 g6 4. Be3 c6 5. h3 a6 6. f4 Bg7 7. Qf3 Qa5 8. Bd3
Nbd7 9. f5 c5 10. g4 cxd4 11. Bxd4 Ne5 12. Bxe5 Qxe5 13. Nge2 b5 14. g5 Nd7 15.
fxg6 fxg6 16. Qf4 Qc5 17. O-O-O Ne5 18. Rhf1 Bxh3 19. Nd4 Rf8 20. Qg3 Nxd3+ 21.
Qxd3 Bxf1 22. Ne6 Bxd3 23. Nxg7+ Kf7 0-1

[Event "XVI Festival A"]
[Site "Campobasso ITA"]
[Date "2009.07.24"]
[Round "1"]
[White "Cordi', Domenico"]
[Black "Gatti, Francesco"]
[Result "1-0"]
[WhiteElo "2060"]
[BlackElo "1819"]
[PlyCount "83"]
[EventDate "2009.07.24"]

1. d4 Nf6 2. c4 g6 3. Nc3 Bg7 4. Nf3 O-O 5. e4 d6 6. Be2 Nc6 7. O-O e5 8. d5
Ne7 9. Ne1 Nd7 10. Nd3 f5 11. f3 f4 12. g4 g5 13. Bd2 Ng6 14. Be1 Nf6 15. Kh1
c5 16. b4 b6 17. a4 Bd7 18. Nb5 Be8 19. a5 a6 20. Nc3 cxb4 21. Nxb4 bxa5 22.
Nd3 Rb8 23. c5 Rf7 24. c6 Ne7 25. Qa4 Qc8 26. Qxa5 Nxc6 27. dxc6 Bxc6 28. Qxa6
Rfb7 29. Rc1 Qd7 30. Bf2 h5 31. Rfd1 hxg4 32. Nxe5 Qe8 33. Qxc6 Qh5 34. Nxg4
Nxg4 35. fxg4 Qh3 36. Qd5+ Kh8 37. Qd3 Qh6 38. Qxd6 Qh3 39. Qd3 Qh6 40. Bd4 Rf8
41. Bf3 Rb2 42. Ne2 1-0

[Event "XVI Festival A"]
[Site "Campobasso ITA"]
[Date "2009.07.24"]
[Round "1"]
[White "D'Orta, Antonio"]
[Black "Parrella, Alfredo"]
[Result "1/2-1/2"]
[WhiteElo "1876"]
[BlackElo "2099"]
[PlyCount "29"]
[EventDate "2009.07.24"]

1. e4 c5 2. f4 Nc6 3. Nf3 e6 4. c3 d5 5. e5 d4 6. Na3 a6 7. Qe2 Nh6 8. Qe4 f5
9. exf6 gxf6 10. Nc2 dxc3 11. bxc3 Nf5 12. Bc4 Nd6 13. Qe2 Nxc4 14. Qxc4 Na5
15. Qe4 1/2-1/2

[Event "XVI Festival A"]
[Site "Campobasso ITA"]
[Date "2009.07.24"]
[Round "1"]
[White "Di Lascio, Savino"]
[Black "Mrdja, Milan"]
[Result "0-1"]
[WhiteElo "2012"]
[BlackElo "2418"]
[PlyCount "56"]
[EventDate "2009.07.24"]

1. e4 d6 2. d4 g6 3. f4 Bg7 4. Nf3 Bg4 5. e5 dxe5 6. fxe5 c5 7. Bc4 e6 8. c3
cxd4 9. Qxd4 Qxd4 10. cxd4 Nc6 11. Bb5 Nge7 12. Nc3 Bxf3 13. gxf3 O-O-O 14. Bg5
Rxd4 15. Rc1 Kb8 16. Be3 Rb4 17. Bc5 Rxb2 18. Bd6+ Ka8 19. f4 Nf5 20. Ba3 Rg2
21. Bf1 Rg4 22. Ne2 Bf8 23. Bb2 Bb4+ 24. Kf2 Rd8 25. Rc2 Ba5 26. h3 Bb6+ 27.
Kf3 Rd3+ 28. Kxg4 h5+ 0-1

[Event "XVI Festival A"]
[Site "Campobasso ITA"]
[Date "2009.07.24"]
[Round "1"]
[White "Di Muccio, Lindoro"]
[Black "Sellitti, Federico"]
[Result "0-1"]
[WhiteElo "1935"]
[BlackElo "2138"]
[PlyCount "112"]
[EventDate "2009.07.24"]

1. d4 Nf6 2. c4 e6 3. Nc3 d5 4. Bg5 Be7 5. e3 b6 6. cxd5 Nxd5 7. Bxe7 Nxe7 8.
Nf3 Bb7 9. Be2 Nd7 10. Qc2 a6 11. Rc1 Rc8 12. O-O O-O 13. Ng5 Ng6 14. Bf3 Bxf3
15. Nxf3 Qe7 16. Qa4 Ra8 17. Qc6 Rfc8 18. Rfd1 Nf6 19. d5 exd5 20. Nxd5 Nxd5
21. Rxd5 Qb4 22. Rd4 Qxb2 23. Rd7 Qxa2 24. h4 Nf8 25. Rxc7 Rxc7 26. Qxc7 b5 27.
h5 h6 28. Nh4 Qe6 29. Qf4 a5 30. Nf5 Qf6 31. Rc6 Ne6 32. Qe4 Rd8 33. Nd4 b4 34.
Nxe6 fxe6 35. Rxe6 Qf7 36. Re7 Qf6 37. Re8+ Rxe8 38. Qxe8+ Qf8 39. Qb5 Qd8 40.
Kh2 Qc7+ 41. g3 Kf7 42. Kh3 Ke7 43. g4 Kd6 44. f4 Qc5 45. Qd3+ Kc6 46. Kg3 Kb6
47. Kf2 a4 48. Ke2 Qb5 49. Qxb5+ Kxb5 50. Kd2 Kc4 51. g5 a3 52. Kc1 a2 53. Kb2
b3 54. f5 Kd3 55. gxh6 a1=Q+ 56. Kxa1 Kc2 0-1

[Event "XVI Festival A"]
[Site "Campobasso ITA"]
[Date "2009.07.24"]
[Round "1"]
[White "Fagnani, Alessandro"]
[Black "Fezza, Davide"]
[Result "0-1"]
[WhiteElo "1852"]
[BlackElo "2082"]
[PlyCount "72"]
[EventDate "2009.07.24"]

1. e4 c5 2. Nf3 e6 3. d4 cxd4 4. Nxd4 a6 5. Nc3 Qc7 6. Be3 Nf6 7. a3 Be7 8. Be2
b5 9. Bf3 Qe5 10. Qd2 Bb7 11. Bf4 Qc5 12. e5 Bxf3 13. Nxf3 Ng8 14. Rd1 Qc4 15.
Be3 h5 16. Bd4 Nh6 17. b3 Qc7 18. a4 Nc6 19. axb5 Nxd4 20. Qxd4 Nf5 21. Qc4
Qxc4 22. bxc4 Bb4 23. Kd2 Rc8 24. Kd3 Bxc3 25. Kxc3 axb5 26. Nd2 d5 27. exd6
Nxd6 28. Kb4 bxc4 29. Nf3 Ke7 30. Ne5 Rb8+ 31. Kc3 Rhc8 32. Rhe1 Rb6 33. f4
Nb5+ 34. Kd2 f6 35. Nf3 Rd8+ 36. Ke2 Nc3+ 0-1

[Event "XVI Festival A"]
[Site "Campobasso ITA"]
[Date "2009.07.24"]
[Round "1"]
[White "Ficco, Corrado"]
[Black "Sernagiotto, Mirko Virgilio"]
[Result "1-0"]
[WhiteElo "2155"]
[BlackElo "1963"]
[PlyCount "37"]
[EventDate "2009.07.24"]

1. e4 e5 2. Nf3 Nc6 3. Bb5 f5 4. d3 fxe4 5. dxe4 Nf6 6. O-O Bc5 7. Bxc6 bxc6 8.
Nxe5 O-O 9. Bg5 d6 10. Nd3 Ba6 11. Nc3 Bd4 12. Qd2 Bxc3 13. Qxc3 Nxe4 14. Qb3+
Bc4 15. Qxc4+ d5 16. Qxe4 dxe4 17. Bxd8 Raxd8 18. Nc5 Rd2 19. Rac1 1-0

[Event "XVI Festival A"]
[Site "Campobasso ITA"]
[Date "2009.07.24"]
[Round "1"]
[White "Forlano, Luigi"]
[Black "Ljubisavljevic, Zivojin Z."]
[Result "0-1"]
[WhiteElo "1987"]
[BlackElo "2287"]
[PlyCount "64"]
[EventDate "2009.07.24"]

1. d4 d5 2. Nf3 c6 3. b3 Bg4 4. Ne5 Bh5 5. g4 Bg6 6. Bg2 Nd7 7. Nxg6 hxg6 8.
Bb2 Qc7 9. h3 e5 10. dxe5 Nxe5 11. Qd4 f6 12. Qe3 g5 13. Nd2 Bb4 14. a3 Ba5 15.
O-O-O Ne7 16. b4 Bb6 17. Bxe5 Qxe5 18. Qxe5 fxe5 19. e3 e4 20. c4 Ng6 21. cxd5
cxd5 22. Nb3 Rd8 23. Nd4 Ke7 24. Kb2 Bxd4+ 25. Rxd4 Ne5 26. Kb3 Rhf8 27. Rhd1
Nd3 28. f3 exf3 29. Bf1 Nf2 30. R1d2 Ne4 31. Rd1 Ng3 32. e4 dxe4 0-1

[Event "XVI Festival A"]
[Site "Campobasso ITA"]
[Date "2009.07.24"]
[Round "1"]
[White "Laketic, Gojko"]
[Black "Castrogiovanni, Carlo"]
[Result "1-0"]
[WhiteElo "2463"]
[BlackElo "2020"]
[PlyCount "59"]
[EventDate "2009.07.24"]

1. d4 Nf6 2. c4 c5 3. d5 b5 4. Nf3 d6 5. cxb5 a6 6. b6 g6 7. Nc3 Nbd7 8. e4 Bg7
9. a4 a5 10. Bb5 O-O 11. O-O Nxb6 12. h3 Bd7 13. Be2 Qc7 14. Bf4 Ne8 15. Re1 e5
16. dxe6 Bxe6 17. Bb5 Nd7 18. Qd2 Rc8 19. Bh6 Ne5 20. Nh2 Nc4 21. Bxc4 Bxc4 22.
Ng4 Be6 23. Bxg7 Kxg7 24. Nb5 Qb6 25. Rad1 Bd7 26. Qh6+ Kg8 27. Rxd6 Bc6 28. e5
f5 29. Nf6+ Nxf6 30. exf6 1-0

[Event "XVI Festival A"]
[Site "Campobasso ITA"]
[Date "2009.07.24"]
[Round "1"]
[White "Lazic, Miroljub"]
[Black "Vitobello, Pasquale"]
[Result "1-0"]
[WhiteElo "2454"]
[BlackElo "2015"]
[PlyCount "31"]
[EventDate "2009.07.24"]

1. g3 d5 2. Nf3 Nf6 3. Bg2 c6 4. O-O Bg4 5. c4 e6 6. Qb3 Qc7 7. d4 dxc4 8. Qxc4
Nbd7 9. Nc3 Nb6 10. Qb3 Nbd5 11. Re1 Bf5 12. e4 Nxc3 13. exf5 Ncd5 14. fxe6
O-O-O 15. exf7 Qxf7 16. Bf4 1-0

[Event "XVI Festival A"]
[Site "Campobasso ITA"]
[Date "2009.07.24"]
[Round "1"]
[White "Lisi, Davide"]
[Black "Sumets, Andrey"]
[Result "0-1"]
[WhiteElo "2023"]
[BlackElo "2595"]
[PlyCount "28"]
[EventDate "2009.07.24"]

1. d4 Nf6 2. c4 e6 3. Nf3 d5 4. cxd5 exd5 5. Nc3 Bb4 6. e3 O-O 7. Bd3 c6 8. h3
Re8 9. O-O Nbd7 10. Bd2 Bd6 11. Qc2 Qe7 12. e4 dxe4 13. Nxe4 Nxe4 14. Bxe4 Qxe4
0-1